Sports Quiz

Random Sports Quiz

Famous NCAA Basketball Players Quiz Stats

 Plays Quiz not verified by Sporcle

Score 0/26 Timer 08:00
0 Plays Today
% Correct
???
35.6%
???
32.2%
???
30.5%
???
23.7%
???
23.7%
???
22%
???
22%
???
16.9%
???
15.3%
???
15.3%
???
15.3%
???
15.3%
???
15.3%
% Correct
???
15.3%
???
11.9%
???
11.9%
???
11.9%
???
11.9%
???
11.9%
???
10.2%
???
10.2%
???
6.8%
???
6.8%
???
5.1%
???
3.4%
???
3.4%

You're not logged in!

Compare scores with friends on all Sporcle quizzes.
OR
Log In

Sporcle TV

Today on Sporcle TV


Watch our educational content, quiz creation guides, and fun videos on Sporcle TV.

Show Comments

Extras

Created Sep 8, 2017ReportNominate
Tags:KOT4Q

Top Quizzes Today


Score Distribution

Your Account Isn't Verified!

In order to create a playlist on Sporcle, you need to verify the email address you used during registration. Go to your Sporcle Settings to finish the process.

Report this User

Report this user for behavior that violates our Community Guidelines.

Details: